<?xml version="1.0" encoding="UTF-8"?><?xml-stylesheet type="text/xsl" href="static/style.xsl"?><OAI-PMH xmlns="http://www.openarchives.org/OAI/2.0/" xmlns:xsi="http://www.w3.org/2001/XMLSchema-instance" xsi:schemaLocation="http://www.openarchives.org/OAI/2.0/ http://www.openarchives.org/OAI/2.0/OAI-PMH.xsd"><responseDate>2026-06-01T20:42:25Z</responseDate><request verb="GetRecord" identifier="oai:riuma.uma.es:10630/45363" metadataPrefix="marc">https://riuma.uma.es/rest/oai/request</request><GetRecord><record><header><identifier>oai:riuma.uma.es:10630/45363</identifier><datestamp>2026-02-12T00:47:25Z</datestamp><setSpec>com_10630_2254</setSpec><setSpec>col_10630_37959</setSpec></header><metadata><record xmlns="http://www.loc.gov/MARC21/slim" xmlns:dcterms="http://purl.org/dc/terms/" xmlns:doc="http://www.lyncode.com/xoai" xmlns:xsi="http://www.w3.org/2001/XMLSchema-instance" xsi:schemaLocation="http://www.loc.gov/MARC21/slim http://www.loc.gov/standards/marcxml/schema/MARC21slim.xsd">
   <leader>00925njm 22002777a 4500</leader>
   <datafield ind2=" " ind1=" " tag="042">
      <subfield code="a">dc</subfield>
   </datafield>
   <datafield ind2=" " ind1=" " tag="720">
      <subfield code="a">Rastrollo-Horrillo, María Ángeles</subfield>
      <subfield code="e">author</subfield>
   </datafield>
   <datafield ind2=" " ind1=" " tag="260">
      <subfield code="c">2025-07</subfield>
   </datafield>
   <datafield ind2=" " ind1=" " tag="520">
      <subfield code="a">Relationships with international intermediaries and their impact on foreign market performance. Focusing on SMEs that offer differentiated products—where intermediaries are not high-volume actors but require contextual knowledge and close client adaptation— the study highlights the dual role of intermediaries as facilitators and sources of dependency, this study applies the Socio-Economic Approach to Management (SEAM) intervention-research methodology to analyze the tensions that emerge in these relationships and their effects on organizational outcomes. Through a longitudinal case study of a Spanish knowledge-intensive SME, the study identifies key elements of an effective interfirm relationship management model tailored to SMEs, offering actionable insights for improving internationalization strategies. Practical implications highlight the role of consultants in supporting SMEs to harness the benefits of internationalization by addressing hidden dysfunctions and fostering sustainable, collaborative relationships with international intermediaries.</subfield>
   </datafield>
   <datafield ind1="8" ind2=" " tag="024">
      <subfield code="a">https://hdl.handle.net/10630/45363</subfield>
   </datafield>
   <datafield ind1="8" ind2=" " tag="024">
      <subfield code="a">10.5465/AMPROC.2025.13897abstract</subfield>
   </datafield>
   <datafield tag="653" ind2=" " ind1=" ">
      <subfield code="a">Pequeñas y medianas empresas</subfield>
   </datafield>
   <datafield tag="653" ind2=" " ind1=" ">
      <subfield code="a">Mercado monetario</subfield>
   </datafield>
   <datafield ind2="0" ind1="0" tag="245">
      <subfield code="a">From Hidden Costs to Value: Managing SME-Intermediary Relations in International Markets</subfield>
   </datafield>
</record>
</metadata></record></GetRecord></OAI-PMH>